000 00641nam a2200205Ia 4500
003 GCL
008 140319s9999 xx 000 0 ara d
040 _aGCL /
_cGCL
082 0 4 _a339.43
_bا ج
100 1 _aريجارد استروب
245 1 0 _aالاقتصاد الكلى الاختيار العام والخاص /
_cريجارد استروب
700 1 _aعبدالفتاح عبدالرحمن
700 1 _aجيمس جوارتنى
260 _a[S.N] :
_bدار المريخ للنشر ،
_c1988
300 _a718 ص
490 _a
650 0 4 _aالاقتصاد الكلى
650 0 4 _aالاقتصاد
942 _2ddc
_cBK
999 _c48292
_d48292